Dvě pohřebiště neolitického lidu s lineární keramikou ve Vedrovicích na Moravě. - Brno. - 2002 [Rezension]

Titel: Dvě pohřebiště neolitického lidu s lineární keramikou ve Vedrovicích na Moravě. - Brno. - 2002 [Rezension]
Verfasser:
In: Archeologické rozhledy, Band 56, Heft 2 (2004), Seite 486-489
alle Artikel anzeigen
Veröffentlicht: 2004
Format: Aufsatz
Sprache: Tschechisch
Kein Bild verfügbar
X
alg: 39518027
001A    $01999:12-11-16 
001B    $01999:09-08-21 $t17:42:15.000 
001D    $01999:12-11-16 
001U    $0utf8 
001X    $00 
002@    $0Aox 
003@    $0395180279 
007A    $0395180279 $aHEB 
007T    $0Herdp18480 
010@    $acze 
011@    $a2004 
021A    $aDvě pohřebiště neolitického lidu s lineární keramikou ve Vedrovicích na Moravě. - Brno. -  2002 [Rezension] 
028A    $aZápotocká $dM. 
031A    $d56 $e2 $h486-489 $j2004 
039B    $aIn $8--Abvc--. Archeologické rozhledy. - Praha, 1949-. - ISSN 0323-1267 $x200400000560002514 $9047286156 
039T    $8--Aau--. Dvě pohřebiště neolitického lidu s lineární keramikou ve Vedrovicích na Moravě. - Brno, 2002. - 343 S.. - Ill., graph. Darst., Kt.. - ISBN 80-210-2933-1 $911349677X 
045F    $a900.94371 $eDDC23BSB 
045F/01 $a900 
045F/03 $g4371 
045T    $a6,14 $a6,11 $a6,12 

lok: 39518027 78

exp: 39518027 78 1 #EPN
201B/01 $026-11-17 $t04:07:35.000 
201U/01 $0utf8 
203@/01 $0791490599 
208@/01 $a12-11-16 $be 
209A/01 $a/ $f000 $x00 
220C/01 $aTitelaufnehmer: rb 
220C/01 $aHerkunft: HÚ AV ČR Praha 
244Z/01 $#Tschechien $#Tschechische Republik $#Tschechische Republik $#Tschechenland $#Tschechei Tschechien $#Česká Republika $#Czech Republic $#ČR $74303381-7 $8--Tg1--Tschechien $x01 $9086659812 
244Z/01 $2Trx $#Böhmen $#Bohemia $#Czechy $8--Trx--Čechy $x02 $9391188941 
244Z/01 $2Trx $#arvustused $#recenzijos $#Reviews $#recenziók $#recenzje $#recenzie $#recenze $8--Trx--Rezensionen $x03 $9391357441 
247C/01 $82080>Marburg/Lahn, Herder-Institut, Forschungsbibliothek, Bibliographieportal $9336309341
LEADER 00000caa a22000002c 4500
001 395180279
003 DE-603
005 20210809174215.0
007 tu
008 161112s2004 xx |||| | u00||u|cze c
035 |a (DE-599)HEB395180279 
040 |a DE-603  |b ger  |c DE-603  |d DE-603 
041 |a cze 
082 0 4 |8 1\u  |a 900.94371  |q DE-101  |2 23/BSB 
084 |a 6,14  |a 6,11  |a 6,12  |2 ssgn 
085 |8 1\u  |b 900 
085 |8 1\u  |z 2  |s 4371 
100 1 |a Zápotocká, M. 
245 0 0 |a Dvě pohřebiště neolitického lidu s lineární keramikou ve Vedrovicích na Moravě. - Brno. - 2002 [Rezension] 
264 0 |c 2004 
773 0 8 |i In  |t Archeologické rozhledy  |d Praha, 1949-  |x 0323-1267  |g Band 56, Heft 2 (2004), Seite 486-489  |w (DE-603)047286156  |w (DE-600)205634-3 
787 0 8 |i Rezension von  |t Dvě pohřebiště neolitického lidu s lineární keramikou ve Vedrovicích na Moravě  |d Brno, 2002  |h 343 S., Ill., graph. Darst., Kt.  |z 8021029331  |w (DE-603)11349677X 
924 0 |9 2080  |a (DE-603)791490599  |b DE-2080  |c HES  |d d  |g /